Screaming Eagles of WW2. 506 P.I.R. /

List of all troopers who participated in WW2. Information consists of name, rank, unit, home state, date killed in action, date missing in action, date wounded in action.

Bibliographic Details
Main Author: Pulles, Piet M.
Format: Book
Language:English
Published: Son, The Netherlands : Elespe, 1994.
Subjects:

MARC

Tag First Indicator Second Indicator Subfields
LEADER 00000cam a2200000Ia 4500
001 in00002227310
005 20151104182158.0
008 070418s1994 ne 000 0 eng d
020 |a 9068260723 
020 |a 9789068260724 
035 |a (OCoLC)ocn123232895 
035 |a (OCoLC)123232895 
040 |a TXA  |c TXA  |d UtOrBLW 
043 |a n-us--- 
049 |a TXAM 
090 |a D769.348 506th  |b .P85 1994 
100 1 |a Pulles, Piet M. 
245 1 0 |a Screaming Eagles of WW2.  |p 506 P.I.R. /  |c P.M. Pulles. 
264 1 |a Son, The Netherlands :  |b Elespe,  |c 1994. 
300 |a 84 pages ;  |c 21 cm. 
336 |a text  |b txt  |2 rdacontent 
337 |a unmediated  |b n  |2 rdamedia 
338 |a volume  |b nc  |2 rdacarrier 
500 |a Cover title. 
520 |a List of all troopers who participated in WW2. Information consists of name, rank, unit, home state, date killed in action, date missing in action, date wounded in action. 
610 1 0 |a United States.  |b Army.  |b Parachute Infantry Regiment, 506th. 
650 0 |a World War, 1939-1945  |x Regimental histories  |z United States  |v Registers. 
994 |a C0  |b TXA 
948 |a cataloged  |b h  |c 2007/4/18  |d o  |e nbehmer  |f 10:22:50 am 
999 |a MARS 
999 f f |s f7a4aa43-7e14-3809-bea5-fc018a673ec3  |i 49c8de38-ba57-3852-8370-059749527cbb  |t 0 
952 f f |p noncirc  |a Texas A&M University  |b College Station  |c Cushing Memorial Library & Archives  |d Cushing: Ragan Military (Does not check out)  |t 0  |e D769.348 506th .P85 1994  |h Library of Congress classification  |i unmediated -- volume  |m A14852665398 
998 f f |a D769.348 506th .P85 1994  |t 0  |l Cushing: Ragan Military (Does not check out)